MARC

LEADER 00000nam0a2200000 4500
001 365319
005 20231102011756.0
035 |a (RuTPU)RU\TPU\retro\22682 
090 |a 365319 
100 |a 20211223d1981 k y0rusy50 ca 
101 0 |a rus 
102 |a RU 
105 |a a z 001zy 
200 1 |a Тепломассообмен при кристаллизации и конденсации маталлов  |e сборник научных трудов  |f Академия наук СССР, Сибирское отделение, Институт теплофизики ; под ред. В. Е. Накорякова 
210 |a Новосибирск  |c Изд-во Ин-та теплофизики СО АН СССР  |d 1981 
215 |a 154 с.  |c ил. 
320 |a Библиогр. в конце ст. 
606 1 |a Металлы  |x Фазовые превращения  |x Фазовый анализ  |x Фазовые переходы  |2 stltpush  |3 (RuTPU)RU\TPU\subj\43231  |9 62781 
610 1 |a тепломассообмен 
610 1 |a кристаллизация 
610 1 |a конденсация 
610 1 |a сплавы 
610 1 |a тепловые условия 
610 1 |a твердые фазы 
610 1 |a кинетика 
610 1 |a плавление 
610 1 |a гидродинамические явления 
675 |a 669.017.3  |v 4 
702 1 |a Накоряков  |b В. Е.  |4 340 
712 0 2 |a Академия наук СССР  |b Сибирское отделение  |b Институт теплофизики  |c (Новосибирск)  |2 stltpush  |3 (RuTPU)RU\TPU\col\11307  |9 25030 
801 1 |a RU  |b 63413507  |c 20211223 
942 |c BK